000 01514cam a2200373 a 4500
999 _c3619
_d3619
001 3896275
003 GZU
005 20201202153802.0
008 900703s1989 sz b i000 0 eng
010 _a 90172100
020 _a9290144629 :
_c30.00F
040 _aDLC
_cDLC
_dDLC
041 1 _aeng
_hfre
043 _an-cn---
_an-us---
050 0 0 _aHD5728
_b.FLE 1989
130 0 _aFlexibilité des marchés du travail au Canada et aux Etats-Unis.
_lEnglish
245 1 0 _aFlexibility and labour markets in Canada and the United States /
_cGilles Laflamme ... [et al.], eds.
260 _aGeneva :
_bInternational Institute for Labour Studies,
_c1989.
300 _a317 p. ;
_c24 cm.
490 1 _aResearch series ;
_v94
500 _aTranslation of: La Flexibilité des marchés du travail au Canada et aux Etats-Unis.
500 _aAt head of title: Department of Industrial Relations, Laval University, Quebec.
504 _aIncludes bibliographical references.
650 0 _aLabor market
_zCanada.
650 0 _aLabor market
_zUnited States.
650 0 _aManpower policy
_zCanada.
650 0 _aManpower policy
_zUnited States.
700 1 _aLaflamme, Gilles.
710 2 _aUniversité Laval.
_bDépartment les relations industrielles.
830 0 _aResearch series (International Institute for Labour Studies) ;
_vno. 94.
906 _a7
_bcbc
_corignew
_d2
_encip
_f19
_gy-gencatlg
942 _2lcc
_cBK
_h5728
_iFLE
_kHD